Lobbing jako jedna z forem komunikace v občanské společnosti a kontextové otázky

Lobbing ako legitímna forma komunikácie v demokratickej spoločnosti. Ekonomické súvislosti a zamyslenie sa nad praktickými a teoretickými dôsledkami.

Salvato in:
Dettagli Bibliografici
Autore principale: Říhová, Vladimíra
Natura: Capitolo di libro
Lingua:ceco
Soggetti:
Tags: Aggiungi Tag
Nessun Tag, puoi essere il primo ad aggiungerne!!

MARC

LEADER 00000nla$a2200000$$$4500
001 0150172
005 20221207082330.8
041 0 |a cze 
044 |a CZ 
245 1 0 |a Lobbing jako jedna z forem komunikace v občanské společnosti a kontextové otázky  |c Vladimíra Říhová 
520 |a Lobbing ako legitímna forma komunikácie v demokratickej spoločnosti. Ekonomické súvislosti a zamyslenie sa nad praktickými a teoretickými dôsledkami. 
610 2 0 |a lobizmus 
610 2 0 |a správanie hospodárske 
610 2 0 |a záujmy ekonomické 
610 2 0 |a skupiny záujmové 
610 2 0 |a záujmy verejné 
610 2 0 |a komunikácia 
100 1 |a Říhová, Vladimíra